MARC

LEADER 00000n m0a2200000 4500
001 268333
005 20231101234146.0
035 |a (RuTPU)RU\TPU\book\291484 
090 |a 268333 
100 |a 20140902d1987 km y0rusy50 ca 
101 0 |a rus 
102 |a RU 
105 |a y z 001zy 
200 1 |a Эколого- экономические принципы развития горного производства  |f А. В. Колосов 
210 |a Москва  |c Недра  |d 1987 
215 |a 261 с. 
320 |a Библиогр.: с. 259-260 
606 1 |a Горное дело  |2 stltpush  |3 (RuTPU)RU\TPU\subj\7566  |9 35173 
610 1 |a горное производство 
610 1 |a развитие 
610 1 |a эколого-экономические принципы 
610 1 |a недра 
610 1 |a освоение 
610 1 |a экологические последствия 
610 1 |a природоохранная деятельность 
675 |a 622.88  |v 3 
700 1 |a Колосов  |b А. В.  |g Александр Васильевич 
801 1 |a RU  |b 63413507  |c 20140902 
801 2 |a RU  |b 63413507  |c 20170217  |g RCR 
942 |c BK